| 000 | 00749nam a22002057a 4500 | ||
|---|---|---|---|
| 005 | 20100726122828.0 | ||
| 010 | _aENG-96962 | ||
| 020 |
_a9788124114834 _c215.00 |
||
| 035 | _aEN-80495 | ||
| 037 | _bDBAD/PUB | ||
| 082 | _a954.02 | ||
| 100 |
_aChandra, Satish _91441 |
||
| 245 |
_aHistoriography , Religion and State in Medieval India / _cby Satish Chandra |
||
| 260 |
_aNew Delhi _bHar- Anand Publications _c2009 |
||
| 270 |
_aE-49/3, Okhla Industrial Area, Phase-2 _bNew Delhi _e110020 |
||
| 300 |
_a240p. _c22cm (pbk) |
||
| 500 | _aincludes index | ||
| 942 |
_2ddc _cEN _h954.02 _mCHA |
||
| 999 |
_c37686 _d37686 |
||